00322nam a2200109Ia 4500008004100000082000800041100001900049245002800068942000600096952009500102999001500197240331s9999 xx 000 0 und d bSUB aSubramanian, N 0aIlattut Tamil ilakkiyam cL 001040708LaWERCLbWERCLcSSCd2024-03-31l0o 820 SUBp6535r2024-03-31w2024-03-31yL c4461d4461